[Event "COL-ch U26 (Women)"]
[Site "Cali"]
[Date "2022.09.30"]
[Round "5"]
[White "Pantoja Pantoja, Danna Nicole"]
[Black "Garcia, Karen Geraldin"]
[Result "0-1"]
[WhiteElo "1268"]
[BlackElo "1402"]
[PlyCount "62"]
[EventDate "2022.09.28"]
[EventType "swiss"]
[EventRounds "6"]
[EventCountry "COL"]
[SourceTitle "CBM 210 Extra"]
[Source "ChessBase"]
[SourceDate "2022.11.30"]
[SourceVersion "1"]
[SourceVersionDate "2022.11.30"]
[SourceQuality "1"]

1. e4 c5 2. c4 e5 3. Nf3 Nc6 4. Nc3 Nf6 5. d3 d6 6. h3 Be6 7. Nd5 h6 8. Bd2 Be7 9. Be2 0-0 10. 0-0 Re8 11. a3 b6 12. b4 Qd7 13. b5 Nd4 14. Nxd4 cxd4 15. f4 Bxd5 16. exd5 e4 17. dxe4 Nxe4 18. Bc1 Bf6 19. Bg4 Qc7 20. Qd3 Nc3 21. Bd2 Qc5 22. Bd7 Re2 23. Kh2 a5 24. Rfc1 Ra7 25. Bc6 Rae7 26. Re1 Rxe1 27. Bxe1 Re3 28. Qf5 Ne4 29. Bf2 Re2 30. Re1 Qxc4 31. Rxe2 Qxe2 0-1

[Event "COL-ch U16 sf1"]
[Site "Duitama"]
[Date "2019.04.14"]
[Round "6.16"]
[White "Garcia, Karen Geraldin"]
[Black "Manzano Gomez, Valentina"]
[Result "0-1"]
[WhiteElo "1500"]
[BlackElo "1604"]
[PlyCount "74"]
[EventDate "2019.04.11"]
[EventType "swiss"]
[EventRounds "6"]
[EventCountry "COL"]
[SourceTitle "EXT 2024"]
[Source "ChessBase"]
[SourceDate "2023.10.10"]
[SourceVersion "1"]
[SourceVersionDate "2023.10.10"]
[SourceQuality "1"]

1. e4 c5 2. Nf3 Nc6 3. Nc3 d6 4. Bb5 a6 5. Ba4 b5 6. Bb3 c4 7. 0-0 cxb3 8. axb3 Bb7 9. d3 Nf6 10. Bg5 e6 11. Qe2 Be7 12. h3 0-0 13. Rfe1 h6 14. Bh4 Qc7 15. Rad1 Rac8 16. e5 dxe5 17. Nxe5 Nxe5 18. Qxe5 Qxe5 19. Rxe5 g5 20. Bg3 b4 21. Ne4 Rxc2 22. Rb1 Nxe4 23. dxe4 Bd6 24. Ra5 Bxg3 25. fxg3 Bxe4 26. Re1 Rxg2+ 27. Kf1 Bb7 28. Rxa6 Rxb2 29. Rb6 Bg2+ 30. Kg1 Bxh3 31. Rxb4 Rc8 32. Rc4 Rd8 33. Rce4 Rdd2 34. b4 Rg2+ 35. Kh1 Rh2+ 36. Kg1 Rbg2+ 37. Kf1 Rh1# 0-1